| Tag |
First Indicator |
Second Indicator |
Subfields |
| LEADER |
00000pam a2200000 a 4500 |
| 001 |
in00000074739 |
| 005 |
20151008054750.0 |
| 008 |
810812s1981 njua b 00100 eng |
| 010 |
|
|
|a 81014028
|
| 020 |
|
|
|a 0815508697 :
|c $72.00
|
| 035 |
|
|
|a (OCoLC)07735054
|
| 035 |
|
|
|9 AAJ1611AM
|
| 039 |
0 |
|
|a 2
|b 3
|c 3
|d 3
|e 3
|
| 040 |
|
|
|a DLC
|c DLC
|d TXA
|d UtOrBLW
|
| 049 |
|
|
|a TXAM
|c [1672471]
|
| 050 |
0 |
0 |
|a TP248.6
|b .G46
|
| 082 |
0 |
|
|a 575.1
|2 19
|
| 245 |
0 |
0 |
|a Genetic engineering applications for industry /
|c edited by J.K. Paul.
|
| 264 |
|
1 |
|a Park Ridge, N.J. :
|b Noyes Data Corporation,
|c 1981.
|
| 300 |
|
|
|a xii, 580 pages :
|b illustrations ;
|c 25 cm.
|
| 336 |
|
|
|a text
|b txt
|2 rdacontent
|
| 337 |
|
|
|a unmediated
|b n
|2 rdamedia
|
| 338 |
|
|
|a volume
|b nc
|2 rdacarrier
|
| 490 |
1 |
|
|a Chemical technology review,
|x 0198-6880 ;
|v 197
|
| 500 |
|
|
|a "Based on research prepared at: Genex Corporation, Massachusetts Institute of Technology, Poly-Planning Services."
|
| 500 |
|
|
|a Four working papers which were used in the preparation of Impacts of applied genetics--micro-organisms, plants, and animals, by the Office of Technology Assessment (OTA) of the Congress of the United States, with additional technical information.
|
| 504 |
|
|
|a Includes bibliographies and index.
|
| 650 |
|
0 |
|a Genetic engineering
|x Industrial applications.
|
| 700 |
1 |
|
|a Paul, J. K.
|
| 710 |
2 |
|
|a Genex Corporation.
|
| 710 |
2 |
|
|a Massachusetts Institute of Technology.
|
| 710 |
2 |
|
|a Poly-Planning Services.
|
| 830 |
|
0 |
|a Chemical technology review ;
|v no. 197.
|
| 999 |
|
|
|a MARS
|
| 999 |
f |
f |
|s 1f5b7824-649d-3c02-b8d6-701bfbd9bd86
|i 2d148829-4ea9-3059-84dc-f41b861389af
|t 0
|
| 952 |
f |
f |
|p ric
|a Texas A&M University
|b Rellis Campus
|c Joint Library Facility
|d Remote Storage
|t 0
|e TP248.6 .G46
|h Library of Congress classification
|i unmediated -- volume
|m A14806256525
|
| 998 |
f |
f |
|a TP248.6 .G46
|t 0
|l Remote Storage
|